| 000 | 00927cam a22002651 4500 | ||
|---|---|---|---|
| 001 | gs 27000043 | ||
| 003 | DLC | ||
| 005 | 20260227111331.0 | ||
| 008 | 791013s1925 tnuab s000 0 eng c | ||
| 010 | _ags 27000043 | ||
| 035 | _a(OCoLC)5522403 | ||
| 040 |
_aU.S. Geol. Survey Library. _cViHarT _dDLC |
||
| 042 | _apremarc | ||
| 050 | 0 | 0 |
_aQE165 _b.A2 no.33-C |
| 100 | 1 |
_aNelson, Wilbur Armistead, _d1889- |
|
| 245 | 1 | 4 |
_aThe coals and geology of the Herbert domain, _cby Wilbur A. Nelson. |
| 260 |
_aNashville, Tenn., _c1925. |
||
| 300 |
_avi, 54 p. _bIV pl. (incl. fold. map) tables. _c23 cm. |
||
| 490 | 0 | _aTennessee. Dept. of Education. Division of Geology. Bulletin 33-C | |
| 500 | _aBound together with Bulletins 33-A and 33-D. | ||
| 500 | _aMap folded in pocket in inside cover. | ||
| 650 | 0 |
_aCoal _zTennessee |
|
| 650 | 0 |
_aGeology _zTennessee |
|
| 740 | 0 | _aHerbert domain [Tennessee] Coals and geology of the. | |
| 999 |
_c26534 _d26534 |
||